| 000 | 01492nam a2200325 i 4500 | ||
|---|---|---|---|
| 003 | EG-GICUC | ||
| 005 | 20260414114832.0 | ||
| 008 | 260414s1853 fr|||||fr||| 000 0 ffredd | ||
| 040 |
_aEG-GiCUC _bfre _cEG-GiCUC _dEG-GiCUC _eRda |
||
| 041 | _afre | ||
| 082 | 0 | 4 |
_221 _a341.33040 _bDE . T |
| 092 | 0 | 4 | _221 |
| 099 | _aLaw1 11 341.33040 DE . T 1853 | ||
| 100 | 1 |
_aDe Garden, Le Comte _eAuteur |
|
| 245 | 1 | 0 |
_aTraité Complet De Diplomatie : _bOu Théorie Générale Des Relations Extérieures Des Puissances De L'europe. _nTome Premier / _cLe Comte De Garden. |
| 264 | 1 |
_aParis : _bLibrairie De Treuttel Et Würtz, _c1853. |
|
| 300 |
_a481page : _billustration ; _c 24 cm. |
||
| 336 |
_2rda contenu _a texte |
||
| 337 |
_2rda medias _aOrdinateur |
||
| 338 |
_2 transporteur rda _a Ressource en ligne |
||
| 500 | _aLe Inabour Des Peuples, La Prospérité Des Empire, L'éclat Dont Brillent La Courouses, Tel Est Le Triple Bet De Cette Vaate Science. OS Parsit La Négociateur, Là Sussi Le Sung AC De Couler L'habileté Des Combinsinans, La Persuasions Du Langage, L'ascendant De L'anturité Morale, Telles Anat Ans Armes, La Voix De L'humanité, Les Règles Consacrées Par Te Deuit Des Nations, Telles Sont Les Lais Qu'il Invoqur | ||
| 504 | _a | ||
| 546 | _aTexte en français | ||
| 650 | 1 | 4 |
_aDiplomatie _2 |
| 650 | 1 | 4 | _a Corps diplomatique |
| 651 | 1 | _2 | |
| 856 | 4 | 0 | _uhttps://fll.law.cu.edu.eg/fulltext/bks/B11-09066.pdf |
| 905 | _a79 | ||
| 942 |
_2ddc _cBK _e21 _n0 |
||
| 999 |
_c70847 _d70847 |
||